Statistisches Jahrbuch Nordrhein-Westfalen 2016 58. Jahrgang

Salvato in:
Dettagli Bibliografici
Natura: Libro
Lingua:tedesco
Pubblicazione: Düsseldorf Information und Technik Nordrhein-Westfalen Geschäftsbereich Statistik 2016
Soggetti:
Tags: Aggiungi Tag
Nessun Tag, puoi essere il primo ad aggiungerne!!

MARC

LEADER 00000nam$a2200000$$$4500
001 0225395
005 20221107101237.9
020 |a 978-3-939943-40-2 
041 0 |a ger 
044 |a DE 
245 1 0 |a Statistisches Jahrbuch Nordrhein-Westfalen 2016  |b 58. Jahrgang 
264 1 |a Düsseldorf  |b Information und Technik Nordrhein-Westfalen Geschäftsbereich Statistik  |c 2016 
300 |a 818 s. 
610 2 0 |a údaje štatistické 
610 2 0 |a tabuľky štatistické 
610 2 0 |a Nemecko 
610 2 0 |a Nordrhein-Westfalen